| 000 | 00000nam 2200000za 4500 |
| 001 | 9.801564 |
| 003 | CaOODSP |
| 005 | 20221107134825 |
| 007 | cr ||||||||||| |
| 008 | 150626s2015 xxc #o f000 0 fre d |
| 020 | |a978-0-660-02685-5 |
| 040 | |aCaOODSP|bfre |
| 043 | |an-cn--- |
| 086 | 1 |aJ4-25/2015F-PDF |
| 245 | 10|aListe de vérification pour les plans parentaux |h[ressource électronique]. |
| 260 | |a[Ottawa] : |bMinistère de la Justice Canada, |cc2015. |
| 300 | |a[9] p. |
| 500 | |aÉgalement publié en anglais sous le titre : Parenting plan checklist. |
| 692 | 07|2gccst|aArt d'être parent |
| 692 | 07|2gccst|aGarde des enfants |
| 710 | 1 |aCanada.|bJustice Canada. |
| 775 | 08|tParenting plan checklist |w(CaOODSP)9.801563 |
| 794 | |tListe de vérification pour les plans parentaux : |w(CaOODSP)9.896640 |
| 856 | 40|qPDF|s78 Ko|uhttps://publications.gc.ca/collections/collection_2015/jus/J4-25-2015-fra.pdf |